| 000 | 00391cam a2200157ua 4500 | ||
|---|---|---|---|
| 003 | OSt | ||
| 008 | 250108b |||||||| |||| 00| 0 eng d | ||
| 041 | _aeng | ||
| 082 |
_a621.38412 _bAMO/PR |
||
| 100 |
_aAmos, S W . _96879 |
||
| 245 | _aPrinciples of transistor circuits / | ||
| 250 | _a2 / | ||
| 260 |
_aMumbai : _bAllied Publishers Pvt Ltd , _c1962. |
||
| 300 | _a210 ; . | ||
| 942 | _cBK | ||
| 999 |
_c9018 _d9018 |
||